Sonatina pro klavír "Oda na lenost" pro zpěv a klavír /

Hlavní autor: Benda, Jiří Antonín, 1722-1795
Jazyk: Nelze použít, není lingvistický obsah
Vydáno: V Kutné Hoře : A. Novák, 1932
Edice: Česká hudba (A. Novák)
Fyzický popis: 4 s.
Hudebniny Hudebniny
Uloženo v:
LEADER 00712ncm a22002292a 4500
001 001358553
003 CZ BrMZK
005 20140110125703.0
007 qu
008 131202s1932 xr |||||||||||||||||zxx d
040 |a BOA001  |b cze 
072 7 |a 786  |x Hudba pro klávesové nástroje  |2 Konspekt  |9 9 
100 1 |a Benda, Jiří Antonín,  |d 1722-1795  |7 jn19990209038  |4 cmp 
245 1 0 |a Sonatina pro klavír  |h [hudebnina] ;  |b "Oda na lenost" pro zpěv a klavír /  |c Jiří Benda 
260 |a V Kutné Hoře :  |b A. Novák,  |c 1932 
300 |a 4 s. 
490 1 |a Česká hudba ;  |v roč. 34, [2] 
740 0 2 |a Oda na lenost 
830 0 |a Česká hudba (A. Novák) 
910 |a BOA001  |b Mus4-0146.414,34/2 
990 |a MU 
991 |b 201401